[Event "Olympiad-40"]
[Site "Istanbul"]
[Date "2012.08.28"]
[Round "1.3"]
[White "Vocaturo, Daniele"]
[Black "Garcia, Douglas"]
[Result "1-0"]
[WhiteElo "2542"]
[BlackElo "2180"]
[PlyCount "83"]
[EventDate "2012.08.28"]
[EventType "team-swiss"]
[EventRounds "11"]
[EventCountry "TUR"]
[SourceTitle "CBM 151"]
[Source "ChessBase"]
[SourceDate "2012.11.13"]
[SourceVersion "1"]
[SourceVersionDate "2012.11.13"]
[SourceQuality "1"]
[WhiteTeam "Italy"]
[BlackTeam "Guatemala"]
[WhiteTeamCountry "ITA"]
[BlackTeamCountry "GUA"]

1. e4 e6 2. d4 d5 3. Bd3 c5 4. c3 dxe4 5. Bxe4 Nf6 6. Bf3 Be7 7. Ne2 0-0 8. 0-0 Nbd7 9. Bf4 cxd4 10. cxd4 Nb6 11. Nbc3 Nbd5 12. Be5 Bd7 13. Nxd5 Nxd5 14. Bxd5 exd5 15. Qb3 Bc6 16. Rfe1 Qd7 17. Nc3 Rfe8 18. Re3 Bf8 19. Rg3 Re6 20. f4 Rg6 21. Rf3 f6 22. f5 Rg4 23. h3 Rh4 24. Bf4 Kh8 25. Qc2 Bd6 26. Bxd6 Qxd6 27. Qf2 Rh5 28. Re1 Rg5 29. Re6 Qd7 30. Rfe3 h5 31. Ne2 Kh7 32. Nf4 Qc8 33. h4 Rg4 34. Nxh5 Kh6 35. Rg3 Bd7 36. Rxg4 Bxe6 37. Qf4+ Kxh5 38. Rxg7 Bxf5 39. g4+ Bxg4 40. Rh7+ Kg6 41. Rh6+ Kf7 42. Rxf6+ 1-0